Power system analysis / (Record no. 190546)
[ view plain ]
| 000 -LEADER | |
|---|---|
| fixed length control field | 00542 a2200181 4500 |
| 003 - CONTROL NUMBER IDENTIFIER | |
| control field | Nust |
| 005 - DATE AND TIME OF LATEST TRANSACTION | |
| control field | 20221026143544.0 |
| 020 ## - INTERNATIONAL STANDARD BOOK NUMBER | |
| International Standard Book Number | 9694170052 |
| 040 ## - CATALOGING SOURCE | |
| Transcribing agency | Nust |
| 082 ## - DEWEY DECIMAL CLASSIFICATION NUMBER | |
| Classification number | 621.31,AMI |
| 100 ## - MAIN ENTRY--PERSONAL NAME | |
| Personal name | Engr.Muhammad Amin |
| 9 (RLIN) | 101448 |
| 245 ## - TITLE STATEMENT | |
| Title | Power system analysis / |
| Statement of responsibility, etc. | Engr.Muhammad Amin |
| 260 ## - PUBLICATION, DISTRIBUTION, ETC. | |
| Place of publication, distribution, etc. | Islamabad |
| Name of publisher, distributor, etc. | HEC |
| Date of publication, distribution, etc. | 1989 |
| 300 ## - PHYSICAL DESCRIPTION | |
| Extent | 230p |
| 505 ## - FORMATTED CONTENTS NOTE | |
| Formatted contents note | Introduction (Page-7), Load Flow (Page-25), Economic Load Scheduling (Page-109), Power systems Stability (Page-161). |
| 650 ## - SUBJECT ADDED ENTRY--TOPICAL TERM | |
| Topical term or geographic name entry element | power system analysis |
| 9 (RLIN) | 101069 |
| 942 ## - ADDED ENTRY ELEMENTS (KOHA) | |
| Source of classification or shelving scheme | |
| Koha item type | Book |
| Withdrawn status | Lost status | Source of classification or shelving scheme | Damaged status | Not for loan | Permanent Location | Current Location | Shelving location | Date acquired | Full call number | Barcode | Date last seen | Price effective from | Koha item type | Public note |
|---|---|---|---|---|---|---|---|---|---|---|---|---|---|---|
| Military College of Signals (MCS) | Military College of Signals (MCS) | General Stacks | 12/12/2016 | 621.31,AMI | MCS20763 | 12/08/2016 | 12/12/2016 | Book | Almirah No.28, Shelf No.5 | |||||
| Military College of Signals (MCS) | Military College of Signals (MCS) | General Stacks | 12/12/2016 | 621.31,AMI | MCS21257 | 12/08/2016 | 12/12/2016 | Book | Almirah No 88, Shelf No 2 | |||||
| Military College of Signals (MCS) | Military College of Signals (MCS) | General Stacks | 12/12/2016 | 621.31.AMI | MCS21258 | 12/08/2016 | 12/12/2016 | Book | Almirah No 88, Shelf No 2 | |||||
| Military College of Signals (MCS) | Military College of Signals (MCS) | General Stacks | 12/12/2016 | 621.31,AMI | MCS21259 | 12/08/2016 | 12/12/2016 | Book | Almirah No.28, Shelf No.5 | |||||
| Military College of Signals (MCS) | Military College of Signals (MCS) | General Stacks | 12/12/2016 | 621.31,AMI | MCS21621 | 12/08/2016 | 12/12/2016 | Book | Almirah No 88, Shelf No 2 |
